All 25k+ cities in Maryland with a map - Statistics

General Stats
  • This quiz has been taken 75 times
  • The average score is 17 of 57
Answers on the Map
Answers color-coded by a green-red scale on the quiz's map according to % correct below.
 
Answer Stats
City Population % Correct
Baltimore 585,720
100%
Annapolis 40,799
83%
Frederick 78,134
83%
Hagerstown 43,546
70%
Gaithersburg 69,629
68%
Germantown 91,249
66%
Rockville 67,099
66%
Salisbury 32,984
66%
Bethesda 68,056
64%
Bowie 58,321
64%
Columbia 104,681
64%
Silver Spring 81,015
62%
Towson 59,553
57%
College Park 34,759
53%
Waldorf 81,410
53%
Ellicott City 75,947
47%
Laurel 30,067
45%
Dundalk 67,796
42%
North Bethesda 50,094
40%
Glen Burnie 72,891
38%
Severn 57,118
34%
Potomac 47,018
32%
Wheaton 52,150
32%
Bel Air South 57,648
25%
Essex 40,505
25%
Catonsville 44,701
21%
Pasadena 32,979
21%
Severna Park 39,933
21%
Montgomery Village 34,893
17%
Owings Mills 35,674
17%
Bel Air North 31,841
15%
Clarksburg 29,051
13%
Edgewood 25,713
13%
Landover 25,998
13%
Odenton 42,947
13%
Pikesville 34,168
13%
Middle River 33,203
11%
Olney 35,820
11%
Reisterstown 26,822
11%
Aspen Hill 51,063
9%
Chillum 36,039
9%
Crofton 29,641
9%
Elkridge 25,171
9%
North Laurel 25,379
9%
Parkville 31,812
9%
Perry Hall 29,409
9%
Randallstown 33,655
9%
Woodlawn 39,986
9%
Eldersburg 32,582
8%
Suitland 25,839
8%
Carney 29,363
6%
Clinton 38,760
6%
Ilchester 26,824
4%
Lochearn 25,511
4%
South Laurel 29,602
4%
Fairland 25,396
2%
Milford Mill 30,622
2%
No matching quizzes found
Score Distribution
Percent of People with Each Score
Percentile by Number Answered
Your Score History
You have not taken this quiz